000 00619cam a2200229 a 4500
001 1948993
005 20171222092519.0
008 870610s1987 vaua b 001 0 eng
010 _a 87010229
020 _a0809464004
020 _a0809464012 (lib. bdg.)
040 _aDLC
_cDLC
_dDLC
041 _aeng
080 _a930 GRU
082 0 0 _a930 GRU
_219
100 _a45
101 _aARK
245 0 4 _aThe Age of god-kings :
_cby the editors of Time-Life Books.
504 _aBibliography: p. 168-169.
906 _a7
_bcbc
_corignew
_d1
_eocip
_f19
_gy-gencatlg
942 _2ddc
_cBK
999 _c39358
_d39358